La inversión extranjera directa en el sector industrial

Salvato in:
Dettagli Bibliografici
Autore principale: Coto Molina, Walter
Natura: testo
Pubblicazione: San José :
Tags: Aggiungi Tag
Nessun Tag, puoi essere il primo ad aggiungerne!!

MARC

LEADER 00000 a a2200000 04500
001 17637
003
040
090 |a 002800  
100 |a Coto Molina, Walter  
245 |a La inversión extranjera directa en el sector industrial  
260 |a San José :  
300 |a 21 p.  
500 |a Acápite B. de la tesis 'El control de la inversión extranjera directa en Costa Rica', U.C.R., 1975. B.U. Tesis 3275  
999 |c 11302  |d 11302